| 000 | 00589nam a2200229Ia 4500 | ||
|---|---|---|---|
| 001 | 13615 | ||
| 003 | GE_BSU | ||
| 008 | 181216s||||||||xx |||||||||||||| ||und|| | ||
| 020 | _a0066546765 | ||
| 040 | _cGE_BSU | ||
| 080 | _a575 | ||
| 100 | _aJones,Steve | ||
| 245 | 4 | _aThe Language of the Genes. Biology, History and the Evolutionary Future | |
| 260 | _aLondon | ||
| 260 | _bFlamingo | ||
| 260 | _c1994 | ||
| 300 | _a347p.20cm. | ||
| 653 | _aBiology,History and the Evolutionary Future | ||
| 653 | _aThe Language of the Genes | ||
| 653 | _aბიოლოგია | ||
| 942 | _cBK | ||
| 999 |
_c46771 _d46771 |
||